| 000 | 01555nam a2200397 i 4500 | ||
|---|---|---|---|
| 001 | 195547 | ||
| 003 | SpMaBN | ||
| 005 | 20241021181201.0 | ||
| 007 | ta | ||
| 008 | 240621s1973 sp i spa | ||
| 016 | 7 |
_abimoBNE19993716333 _zIND9200531575 _2SpMaBN |
|
| 017 |
_aZ 874-1973 _bOficina Depósito Legal Zaragoza |
||
| 020 | _a8450061393 | ||
| 035 | _a(OCoLC)432554625 | ||
| 035 | _abimo0001121253 | ||
| 040 |
_aSpMaBN _bspa _cA2 _dES-MaACL |
||
| 080 | _a860-14"19" | ||
| 100 | 0 |
_aLuesma Castán, Miguel, _0XX1165109 _974643 _d1929-2012 _eaut |
|
| 245 | 1 | 0 |
_aAntología / _cMiguel Luesma Castán. |
| 260 |
_a[Zaragoza : _bDelegación Provincial de Cultura], _c1973. |
||
| 300 |
_a45 p., 1 h. con lám. ; _c22 cm |
||
| 336 |
_2rdacontent _atexto |
||
| 337 |
_2rdamedia _asin mediación |
||
| 338 |
_2rdacarrier _avolumen |
||
| 490 | 1 |
_aAula de Poesia ; _v1 |
|
| 650 | 4 |
_916177 _aPoesía española- _yS.XX |
|
| 655 | 7 |
_2tgfbne _9176539 _aPoesías |
|
| 655 | 0 |
_9176540 _aAntologías |
|
| 830 |
_aAula de Poesia ; _v1 _9237167 |
||
| 852 |
_aES-MaACL _cDEPOF _jFOLL-BUE-96 _gDedicatoria manuscrita del autor, Miguel Luesma Castán, para Antonio Buero Vallejo en anteportada: "A nuestro mejor dramaturgo. D. Antonio Buero Vallejo, con la amistad de siempre [rúrbrica]". _hLegado: Antonio Buero Vallejo _9203753 |
||
| 903 |
_932421 _aBuero Vallejo, Antonio, _q1 _d1916-2000 _ednr |
||
| 942 |
_n0 _cFOLLETOS |
||
| 999 |
_c195547 _d195547 |
||